All Countries with Penguins - Statistics

General Stats
  • This quiz has been taken 73 times
  • The average score is 10 of 13
Answer Stats
Species Population Country % Correct
Little 500,000 Australia
97%
African 60,000 South Africa
97%
Magellanic, Gentoo, King, Macaroni,Northern and Southern Rockhoppers 1,000,000 Argentina
95%
King, Humboldt, Magellanic, Rockhoppers, and Macaroni 13,000,000 Chile
95%
Erect-crested, Fiordland, Yellow-eyed, Little 500,000 New Zealand
92%
African 26,000 Namibia
77%
Humboldt 4,000 Peru
77%
Galapagos, Humboldt 1,000,-2,000 Ecuador
75%
Magellanic, King, Rockhopper ? Uruguay
75%
Magellanic (occasionally: King,Rockhoppers, Macaroni) 10,000 Brazil
73%
African Vagrants Only Mozambique
70%
African Vagrants Only Angola
65%
King, Gentoo, Rockhopper, Magellanic and Macaroni 1,200,000 Falkland Islands
62%
No matching quizzes found
Score Distribution
Percent of People with Each Score
Percentile by Number Answered
Your Score History
You have not taken this quiz